|
|
|
|
| LEADER |
00000nam a2200000 a 4500 |
| 001 |
vtls010656774 |
| 003 |
SK-MaSNL |
| 005 |
20260301221227.0 |
| 008 |
240313s2014 xo da f n 000 0 slo |
| 015 |
|
|
|a SNBA2015/03
|
| 020 |
|
|
|a 9788089324132
|q (brož.)
|
| 035 |
|
|
|a 66932A1D-6FA7-4045-948F-B1582471602D
|
| 035 |
|
|
|a urn:nbn:sk:snk-amkuea
|
| 035 |
|
|
|a urn:nbn:sk:snk-am004psf
|
| 040 |
|
|
|a SNK
|b slo
|c SNK
|e AACR2
|
| 041 |
0 |
|
|a slo
|
| 044 |
|
|
|a xo
|c SK
|
| 072 |
|
7 |
|a 616
|x Patológia. Klinická medicína
|2 konspekt
|
| 080 |
|
|
|a 616-008.9
|2 2001
|
| 080 |
|
|
|a 616-056.257
|2 2001
|
| 080 |
|
|
|a (075.8)
|2 2001
|
| 100 |
1 |
|
|a Labudová, Jela,
|d 1944-
|4 aut
|9 231285
|
| 245 |
1 |
0 |
|a Obezita a ďalšie metabolické poruchy
|c Jela Labudová, Dagmar Nemček, Stanislav Kraček
|
| 260 |
|
|
|a [Topoľčianky]
|b End
|c 2014
|
| 300 |
|
|
|a 80 s.
|b fotogr., grafy, tab., sch.
|c 21 cm
|
| 504 |
|
|
|a Bibliogr. s. 76-80
|
| 650 |
0 |
7 |
|a metabolické poruchy
|2 SNKPH
|9 92595
|
| 650 |
0 |
7 |
|a obezita
|2 SNKPH
|9 2527
|
| 650 |
0 |
7 |
|a Metabolic disorders
|2 SNKPHeng
|9 336161
|
| 650 |
0 |
7 |
|a Obesity
|2 SNKPHeng
|9 267141
|
| 655 |
|
7 |
|a učebnice vysokých škôl
|2 SNKPH
|9 70191
|
| 655 |
|
7 |
|a Textbooks (higher)
|2 SNKPHeng
|9 276436
|
| 700 |
1 |
|
|a Nemček, Dagmar,
|d 1977-
|4 aut
|9 249923
|
| 700 |
1 |
|
|a Kraček, Stanislav
|4 aut
|9 422185
|
| 919 |
|
|
|a 978-80-89-324-13-2
|
| 958 |
|
|
|a TL
|
| 958 |
|
|
|a NB
|
| 958 |
|
|
|a UV
|
| 999 |
|
|
|c 935005
|d 936935
|
| 952 |
|
|
|a SNK
|b SNK
|y PREZ
|7 0
|p 17A1139187
|o snkSC 163312
|i snk2015/6518
|8 0
|0 0
|1 0
|4 0
|d 2015-02-24
|f 1
|l 0
|r 2025-08-27 00:00:00
|w 2026-02-24
|
| 952 |
|
|
|a SNK
|b SNK
|y VYP
|7 0
|p 17A1139153
|o snkSC 163312 D1
|i snk2015/6519
|8 0
|0 0
|1 0
|4 0
|d 2015-02-24
|l 0
|r 2026-02-24 09:00:49
|w 2026-02-24
|